| 000 | 00831nam a22002297a 4500 | ||
|---|---|---|---|
| 999 |
_c7333 _d7333 |
||
| 003 | AR-CdUCM | ||
| 008 | 190320b ||||| |||| 00| 0 spa d | ||
| 040 |
_aMUNICIPALIDAD PROVINCIAL DEL CUSCO _cBIBLIOTECA MUNICIPAL DEL CUSCO |
||
| 041 | _heng | ||
| 082 |
_a306.85 / _bG72 |
||
| 100 |
_aGoode, William J. _93199 |
||
| 245 | _aLa familia / | ||
| 260 |
_aMéxico : _bEditorial hispano americana, _c1966. |
||
| 300 |
_a270 páginas ; _c17 cm. |
||
| 505 | _aContenido: La familia como elemento de la estructura social -- Bases biológicas de la familia -- Legitimidad e ilegitimidad -- Selección del compañero y matrimonio -- Formas familiares... | ||
| 650 |
_aEstructura _941 |
||
| 650 |
_aNucleo familiar _920669 |
||
| 650 |
_aMatrimonio _916386 |
||
| 650 |
_aCiencias sociales _91096 |
||
| 942 |
_2ddc _cLIBROS |
||
| 945 | _adavv | ||